Cryptography : (Record no. 611208)
[ view plain ]
| 000 -LEADER | |
|---|---|
| fixed length control field | 01472cam a2200277 i 4500 |
| 001 - CONTROL NUMBER | |
| control field | 20464439 |
| 005 - DATE AND TIME OF LATEST TRANSACTION | |
| control field | 20240829085358.0 |
| 008 - FIXED-LENGTH DATA ELEMENTS--GENERAL INFORMATION | |
| fixed length control field | 180423s2019 flua b 001 0 eng |
| 010 ## - LIBRARY OF CONGRESS CONTROL NUMBER | |
| LC control number | 2018018724 |
| 020 ## - INTERNATIONAL STANDARD BOOK NUMBER | |
| International Standard Book Number | 9781138197015 |
| 042 ## - AUTHENTICATION CODE | |
| Authentication code | pcc |
| 082 00 - DEWEY DECIMAL CLASSIFICATION NUMBER | |
| Classification number | 005.82,STI |
| 100 1# - MAIN ENTRY--PERSONAL NAME | |
| Personal name | Stinson, Douglas R. |
| Fuller form of name | (Douglas Robert), |
| Dates associated with a name | 1956- |
| Relator term | author. |
| 9 (RLIN) | 125459 |
| 245 10 - TITLE STATEMENT | |
| Title | Cryptography : |
| Remainder of title | theory and practice / |
| Statement of responsibility, etc. | Douglas R. Stinson, Maura B. Paterson. |
| 250 ## - EDITION STATEMENT | |
| Edition statement | Fourth edition. |
| 264 #1 - PRODUCTION, PUBLICATION, DISTRIBUTION, MANUFACTURE, AND COPYRIGHT NOTICE | |
| Place of production, publication, distribution, manufacture | Boca Raton : |
| Name of producer, publisher, distributor, manufacturer | CRC Press, Taylor & Francis Group, |
| Date of production, publication, distribution, manufacture, or copyright notice | 2019. |
| 300 ## - PHYSICAL DESCRIPTION | |
| Extent | xvii, 580 pages : |
| Other physical details | illustrations ; |
| Dimensions | 26 cm |
| 336 ## - CONTENT TYPE | |
| Content type term | text |
| Content type code | txt |
| Source | rdacontent |
| 337 ## - MEDIA TYPE | |
| Media type term | unmediated |
| Media type code | n |
| Source | rdamedia |
| 338 ## - CARRIER TYPE | |
| Carrier type term | volume |
| Carrier type code | nc |
| Source | rdacarrier |
| 505 ## - FORMATTED CONTENTS NOTE | |
| Formatted contents note | Introduction to Cryptography (Page-1), Classical Cryptography (Page-15), Shannon’s Theory, Perfect Secrecy (Page-61), Block Ciphers and Stream Ciphers (Page-83), Hash functions and Authentication (Page-137), The RSA Cryptosystem and Factoring Integers (Page-185), Public –key cryptography and discrete logarithms (Page-255), Signatures schemes (Page-309), Post Quantum Cryptography (Page-341), Identification schemes and entity authentication (Page-379), Key Distribution (Page-415), Key agreement scheme (Page-461), Miscellaneous Topics (Page-491). |
| 650 #0 - SUBJECT ADDED ENTRY--TOPICAL TERM | |
| Topical term or geographic name entry element | Coding theory. |
| 9 (RLIN) | 3106 |
| 650 #0 - SUBJECT ADDED ENTRY--TOPICAL TERM | |
| Topical term or geographic name entry element | Cryptography. |
| 700 1# - ADDED ENTRY--PERSONAL NAME | |
| Personal name | Paterson, Maura B., |
| Relator term | author. |
| 9 (RLIN) | 125460 |
| 942 ## - ADDED ENTRY ELEMENTS (KOHA) | |
| Source of classification or shelving scheme | |
| Koha item type | Reference |
| Classification part | 005.82,STI |
| Withdrawn status | Lost status | Source of classification or shelving scheme | Damaged status | Not for loan | Permanent Location | Current Location | Shelving location | Date acquired | Full call number | Barcode | Date last seen | Price effective from | Koha item type | Public note |
|---|---|---|---|---|---|---|---|---|---|---|---|---|---|---|
| Military College of Signals (MCS) | Military College of Signals (MCS) | General Stacks | 08/29/2024 | 005.82,STI | MCS38796 | 08/29/2024 | 08/29/2024 | Book | Almirah Fresh No.9, Shelf No.6 |
